MARC

LEADER 00000nla0a2200000 4500
001 636272
005 20250319132333.0
035 |a (RuTPU)RU\TPU\network\167 
035 |a RU\TPU\network\166 
090 |a 636272 
100 |a 20131031d2008 k||y0rusy50 ca 
101 0 |a rus 
102 |a RU 
135 |a drcn ---uucaa 
181 0 |a i  
182 0 |a b 
200 1 |a Экспериментальное исследование продольного электромагнитного воздействия  |f А. К. Томилин 
203 |a Текст  |c электронный 
300 |a Заглавие с экрана 
463 |t SciTecLibrary  |o агентство научно-технической информации  
610 1 |a электронный ресурс 
610 1 |a труды учёных ТПУ 
610 1 |a электромагнитные взаимодействия 
610 1 |a электродинамика 
610 1 |a экспериментальные исследования 
610 1 |a эксперименты 
700 1 |a Томилин  |b А. К.  |c физик, механик  |c профессор Томского политехнического университета, доктор физико-математических наук  |f 1955-  |g Александр Константинович  |3 (RuTPU)RU\TPU\pers\31233  |9 15428 
712 0 2 |a Национальный исследовательский Томский политехнический университет (ТПУ)  |b Институт физики высоких технологий (ИФВТ)  |b Кафедра теоретической и прикладной механики (ТПМ)  |3 (RuTPU)RU\TPU\col\18695 
801 2 |a RU  |b 63413507  |c 20140426  |g RCR 
856 4 |u http://www.sciteclibrary.ru/rus/catalog/pages/9087.html 
942 |c CF